| 000 | 01823nam a22002177a 4500 | ||
|---|---|---|---|
| 999 |
_c60098 _d60098 |
||
| 003 | Ge_BSU | ||
| 005 | 20250204112435.0 | ||
| 008 | 230608s2008 ge ||||| |||| 00| 0 geo d | ||
| 020 |
_a9789941401343 _c |
||
| 041 | _ageo | ||
| 080 | _a016:001(479.22) გ-51 | ||
| 245 |
_aგიორგი მელიქიშვილი 90 : _bბიობიბლიოგრაფია / _cივანე ჯავახიშვილის სახ. თბილ. სახელმწ. უნ-ტი, კლასიკური ფილოლოგიის, ბიზანტინისტიკისა და ნეოგრეცისტიკის ინ-ტი; რედაქტორი რისმაგ გორდეზიანი; ყდის დიზაინი გიორგი ბაგრატიონი. |
||
| 264 |
_aთბილისი : _bპროგრამა ”ლოგოსი”, _c2008. |
||
| 300 |
_a102 გვ. : _bფოტ.. ; _c20 სმ. |
||
| 490 | _aპროგრამა ”ლოგოსი” : პუბლიკაციები და ღონისძიებები კლასიკური ფილოლოგიის, ბიზანტინისტიკისა და ნეოგრეცისტიკის სფეროში | ||
| 653 | _aბიბლიოგრაფია | ||
| 700 |
_aგორდეზიანი, რისმაგ _eრედაქტორი _918563 |
||
| 700 |
_aბაგრატიონი, გიორგი _eყდის დიზაინერი _918564 |
||
| 710 |
_aთსუ. _bკლასიკური ფილოლოგიის, ბიზანტინისტიკისა და ნეოგრეცისტიკის ინ-ტი. _914039 |
||
| 942 |
_2udc _cBK |
||